000 00493nmm a2200169Ia 4500
008 251105s9999||||xx |||||||||||||||||und||
020 _a9788496290136
041 _aspa
100 _aLópez de Gomara, Francisco
245 0 _aHistoria general de las Indias
264 _a[Madrid, España] :
_bLinkgua,
_c2011
300 _a370 páginas
490 _aHistoria
650 _aHistory of the Americas: Latin America
856 _uhttps://public.digitaliapublishing.com/a/10081
942 _cCF
999 _c89723
_d89723